000 00878cam a22002535a 4500
001 L158052
002 17621
008 081001s2008 xxk f 000 0 eng d
020 _a9781935328384
035 _a(Sirsi) u158052
041 0 _aeng
050 0 4 _a333.3303 $2 18
110 2 _aAppraisal Institute
_92987
245 0 0 _aAppraisal of real estate
250 _a14 ed.
260 _aChicago
_bAppraisal Institute
_c2013
300 _axii, 847p.
_bill.
_c27cm.
520 _aAn in-depth reference tool providing a detailed study of the principles of the appraisal (valuation) of real estate. Compares different valuation methods. Although written for an American audience covers information for a global audience on appraisal and valuation methodology.
521 _aAdvanced
590 _aKA
651 4 _aUnited States
690 _aValuation
_96273
942 _n0
999 _c115104
_d115104